Statistics for NHL Teams by Emoji

Click here to take the quiz!

General Stats

  • This quiz has been taken 834 times
  • The average score is 21 of 31

Answer Stats

HintTeam% Correct
⭐Dallas Stars
88%
🐧Pittsburgh Penguins
88%
🍁Toronto Maple Leafs
88%
⚑Tampa Bay Lightning
87%
πŸ¦†Anaheim Ducks
86%
πŸ‘ΏNew Jersey Devils
85%
🦈San Jose Sharks
85%
πŸ”₯Calgary Flames
81%
🀴Los Angeles Kings
79%
✈️Winnipeg Jets
79%
πŸ”οΈβ†˜οΈβš οΈColorado Avalanche
78%
🐻🟫Boston Bruins
76%
πŸŒ€Carolina Hurricanes
72%
🟦πŸ§₯Columbus Blue Jackets
72%
πŸ†Florida Panthers
71%
β¬›πŸ¦…Chicago Blackhawks
70%
       β¬‡οΈ
πŸŸ₯πŸ¦…
Detroit Red Wings
68%
πŸš«πŸ‘¨
🌲🐻🌲🐺🌲
Minnesota Wild
67%
🎸🎹🎢St. Louis Blues
67%
πŸ›’οΈπŸ‘¨β›½Edmonton Oilers
65%
    πŸ₯‡    
πŸ›‘οΈπŸ‘¨πŸ—‘οΈ
    πŸŽ    
Vegas Golden Knights
64%
βš”οΈBuffalo Sabres
63%
πŸ‘¨πŸ‡¨πŸ‡¦πŸ‡«πŸ‡·Montreal Canadiens
63%
πŸŒ™

πŸΊπŸ•
Arizona Coyotes
56%
πŸπŸ…β¬…οΈπŸ˜‹Nashville Predators
55%
πŸ’§πŸ’§πŸ’§πŸ’§πŸ’§
πŸ’§πŸŒ΄ πŸ–οΈπŸ’§
πŸ’§πŸ’§πŸ’§πŸ’§πŸ’§
New York Islanders
55%
πŸ›«β†—οΈPhiladelphia Flyers
49%
πŸ‘¨πŸ™‚πŸ‡¨πŸ‡¦Vancouver Canucks
49%
        πŸ‘‘        
πŸ™οΈπŸ™οΈπŸ™οΈπŸ™οΈπŸ™οΈ
Washington Capitals
42%
πŸ”«πŸ€ 
     πŸŽ
New York Rangers
41%

βž‘οΈπŸ‘΄βœ”οΈ

πŸ—³οΈπŸ‘¨πŸ‘©πŸ‘¨πŸ‘©πŸ‘¨πŸ‘©
Ottawa Senators
39%

Score Distribution

Percentile by Number Answered

Percent of People with Each Score

Your Score History

You have not taken this quiz